Academy Award Nominees for All Acting Awards (2000-2025) - Statistics

General Stats
  • This quiz has been taken 232 times
  • The average score is 309 of 500
Answer Stats
Award Year Film Role Answer % Correct
BLR 2004 The Aviator Howard Hughes Leonardo DiCaprio
95%
BLR 2006 Blood Diamond Danny Archer Leonardo DiCaprio
95%
BLR 2013 The Wolf of Wall Street Jordan Belfort Leonardo DiCaprio
95%
BLR 2015 The Revenant Hugh Glass Leonardo DiCaprio
95%
BLR 2019 Once Upon a Time in Hollywood Rick Dalton Leonardo DiCaprio
95%
BLR 2001 Ali Cassius Clay/Muhammad Ali Will Smith
95%
BLR 2006 The Pursuit of Happyness Chris Gardner Will Smith
95%
BLR 2021 King Richard Richard Williams Will Smith
95%
BLR 2008 The Curious Case of Benjamin Button Benjamin Button Brad Pitt
94%
BLR 2011 Moneyball Billy Beane Brad Pitt
94%
BSR 2019 Once Upon a Time in Hollywood Cliff Booth Brad Pitt
94%
BLR 2001 Training Day Detective Alonzo Harris Denzel Washington
94%
BLR 2012 Flight William "Whip" Whitaker Denzel Washington
94%
BLR 2016 Fences Troy Maxson Denzel Washington
94%
BLR 2017 Roman J. Israel, Esq. Roman J. Israel Denzel Washington
94%
BLR 2021 The Tragedy of Macbeth Lord Macbeth Denzel Washington
94%
BLR 2005 Walk the Line Johnny Cash Joaquin Phoenix
94%
BLR 2012 The Master Freddie Quell Joaquin Phoenix
94%
BLR 2019 Joker Arthur Fleck/Joker Joaquin Phoenix
94%
BSR 2000 Gladiator Emperor Commodus Joaquin Phoenix
94%
BLR 2000 Cast Away Chuck Noland Tom Hanks
94%
BSR 2019 A Beautiful Day in the Neighborhood Fred Rogers Tom Hanks
94%
BLR 2012 Silver Linings Playbook Patrizio "Pat" Solitano Jr. Bradley Cooper
93%
BLR 2014 American Sniper Chris Kyle Bradley Cooper
93%
BLR 2018 A Star Is Born Jackson Maine Bradley Cooper
93%
BLR 2023 Maestro Leonard Bernstein Bradley Cooper
93%
BSR 2013 American Hustle Richie DiMaso Bradley Cooper
93%
BLR 2003 Pirates of the Caribbean: The Curse of the Black Pearl Captain Jack Sparrow Johnny Depp
93%
BLR 2004 Finding Neverland Sir James Matthew Barrie Johnny Depp
93%
BLR 2007 Sweeney Todd: The Demon Barber of Fleet Street Sweeney Todd/Benjamin Barker Johnny Depp
93%
BLR 2000 Gladiator Maximus Decimus Meridius Russell Crowe
93%
BLR 2001 A Beautiful Mind John Forbes Nash Jr. Russell Crowe
93%
BLR 2002 Gangs of New York William "Bill the Butcher" Cutting Daniel Day-Lewis
91%
BLR 2007 There Will Be Blood Daniel Plainview Daniel Day-Lewis
91%
BLR 2012 Lincoln Abraham Lincoln Daniel Day-Lewis
91%
BLR 2017 Phantom Thread Reynolds Woodcock Daniel Day-Lewis
91%
BLS 2016 La La Land Mia Dolan Emma Stone
90%
BLS 2023 Poor Things Bella Baxter Emma Stone
90%
BSS 2014 Birdman Sam Thomson Emma Stone
90%
BSS 2018 The Favourite Abigail Masham Emma Stone
90%
BLS 2006 The Devil Wears Prada Miranda Priestly Meryl Streep
90%
BLS 2008 Doubt Sister Aloysius Beauvier Meryl Streep
90%
BLS 2009 Julie & Julia Julia Child Meryl Streep
90%
BLS 2011 The Iron Lady Margaret Thatcher Meryl Streep
90%
BLS 2013 August: Osage County Violet Weston Meryl Streep
90%
BLS 2016 Florence Foster Jenkins Florence Foster Jenkins Meryl Streep
90%
BLS 2017 The Post Katharine Graham Meryl Streep
90%
BSS 2002 Adaptation Susan Orlean Meryl Streep
90%
BSS 2014 Into the Woods 'The Witch' Meryl Streep
90%
BLR 2002 The Pianist Wladyslaw Szpilman Adrien Brody
89%
BLR 2024 The Brutalist László Tóth Adrien Brody
89%
BLR 2005 Brokeback Mountain Ennis Del Mar Heath Ledger
89%
BSR 2008 The Dark Knight The Joker Heath Ledger
89%
BLR 2006 Half Nelson Dan Dunne Ryan Gosling
88%
BLR 2016 La La Land Sebastian Wilder Ryan Gosling
88%
BSR 2023 Barbie Ken Ryan Gosling
88%
BLR 2001 I Am Sam Sam Dawson Sean Penn
88%
BLR 2003 Mystic River Jimmy Markum Sean Penn
88%
BLR 2008 Milk Harvey Milk Sean Penn
88%
BLR 2004 Ray Ray Charles Jamie Foxx
87%
BSR 2004 Collateral Max Durocher Jamie Foxx
87%
BLR 2015 The Martian Mark Watney Matt Damon
87%
BSR 2009 Invictus Francois Pienaar Matt Damon
87%
BLR 2016 Manchester by the Sea Lee Chandler Casey Affleck
86%
BSR 2007 The Assassination of Jesse James by the Coward Robert Ford Robert Ford Casey Affleck
86%
BLS 2007 Elizabeth: The Golden Age Queen Elizabeth I Cate Blanchett
86%
BLS 2013 Blue Jasmine Jeanette "Jasmine" Francis Cate Blanchett
86%
BLS 2015 Carol Carol Aird Cate Blanchett
86%
BLS 2022 Tár Lydia Tár Cate Blanchett
86%
BSS 2004 The Aviator Katharine Hepburn Cate Blanchett
86%
BSS 2006 Notes on a Scandal Bathsheba 'Sheba' Hart Cate Blanchett
86%
BSS 2007 I'm Not There Jude Quinn Cate Blanchett
86%
BLR 2011 Tinker Tailor Soldier Spy George Smiley Gary Oldman
85%
BLR 2017 Darkest Hour Winston Churchill Gary Oldman
85%
BLR 2020 Mank Herman J. Mankiewicz Gary Oldman
85%
BLS 2010 Winter's Bone Ree Dolly Jennifer Lawrence
85%
BLS 2012 Silver Linings Playbook Tiffany Maxwell Jennifer Lawrence
85%
BLS 2015 Joy Joy Mangano Jennifer Lawrence
85%
BSS 2013 American Hustle Rosalyn Rosenfeld Jennifer Lawrence
85%
BLS 2000 Erin Brockovich Erin Brockovich Julia Roberts
85%
BSS 2013 August: Osage County Barbara Weston-Fordham Julia Roberts
85%
BLR 2017 Call Me by Your Name Elio Perlman Timothée Chalamet
85%
BLR 2024 A Complete Unknown Bob Dylan Timothée Chalamet
85%
BSR 2002 Adaptation John Laroche Chris Cooper
84%
BLR 2023 Oppenheimer J. Robert Oppenheimer Cillian Murphy
84%
BLR 2013 Dallas Buyers Club Ron Woodroof Matthew McConaughey
84%
BLS 2009 The Blind Side Leigh Anne Tuohy Sandra Bullock
84%
BLS 2013 Gravity Ryan Stone Sandra Bullock
84%
BLR 2013 American Hustle Irving Rosenfeld Christian Bale
83%
BLR 2018 Vice Dick Cheney Christian Bale
83%
BSR 2010 The Fighter Dicky Eklund Christian Bale
83%
BSR 2015 The Big Short Michael Burry Christian Bale
83%
BLR 2014 The Theory of Everything Stephen Hawking Eddie Redmayne
83%
BLR 2015 The Danish Girl Lili Elbe Eddie Redmayne
83%
BLS 2017 Three Billboards Outside Ebbing, Missouri Mildred Hayes Frances McDormand
83%
BLS 2020 Nomadland Fern Frances McDormand
83%
BSS 2000 Almost Famous Elaine Miller Frances McDormand
83%
BSS 2005 North Country Glory Dodge Frances McDormand
83%
BLR 2007 Michael Clayton Michael Clayton George Clooney
83%
BLR 2009 Up in the Air Ryan Bingham George Clooney
83%
BLR 2011 The Descendants Matt King George Clooney
83%
BSR 2005 Syriana Bob Barnes George Clooney
83%
BLS 2018 A Star Is Born Ally Maine Lady Gaga
83%
BSS 2001 Gosford Park Constance, Dowager Coutness of Trentham Maggie Smith
83%
BLS 2017 I, Tonya Tonya Harding Margot Robbie
83%
BSS 2019 Bombshell Kayla Pospisil Margot Robbie
83%
BLR 2014 The Imitation Game Alan Turing Benedict Cumberbatch
82%
BLR 2021 The Power of the Dog Phil Burbank Benedict Cumberbatch
82%
BLR 2003 Cold Mountain WP Inman Jude Law
82%
BLS 2001 Moulin Rouge! Satine Nicole Kidman
82%
BLS 2002 The Hours Virginia Woolf Nicole Kidman
82%
BLS 2010 Rabbit Hole Becca Corbett Nicole Kidman
82%
BLS 2021 Being the Ricardos Lucille Ball Nicole Kidman
82%
BSS 2016 Lion Sue Brierley Nicole Kidman
82%
BLR 2018 Bohemian Rhapsody Freddie Mercury Rami Malek
82%
BLS 2001 Bridget Jones's Diary Bridget Jones Renée Zellweger
82%
BLS 2002 Chicago Roxie Hart Renée Zellweger
82%
BLS 2019 Judy Judy Garland Renée Zellweger
82%
BSS 2003 Cold Mountain Ruby Thewes Renée Zellweger
82%
BLR 2000 Before Night Falls Reinaldo Arenas Javier Bardem
81%
BLR 2010 Biutiful Uxbal Javier Bardem
81%
BLR 2021 Being the Ricardos Desi Arnaz Javier Bardem
81%
BSR 2007 No Country for Old Men Anton Chigurh Javier Bardem
81%
BLS 2004 Eternal Sunshine of the Spotless Mind Clementine Kruczynski Kate Winslet
81%
BLS 2006 Little Children Sarah Pierce Kate Winslet
81%
BLS 2008 The Reader Hanna Schmitz Kate Winslet
81%
BSS 2001 Iris Iris Murdoch Kate Winslet
81%
BSS 2015 Steve Jobs Joanna Hoffman Kate Winslet
81%
BLS 2010 Black Swan Nina Sayers Natalie Portman
81%
BLS 2016 Jackie Jacqueline "Jackie" Kennedy Natalie Portman
81%
BSS 2004 Closer Jane Jones/Alice Ayres Natalie Portman
81%
BLS 2018 The Favourite Queen Anne Olivia Colman
81%
BLS 2021 The Lost Daughter Leda Caruso Olivia Colman
81%
BSS 2020 The Father Anne Olivia Colman
81%
BLS 2010 Blue Valentine Cynthia "Cindy" Heller Michelle Williams
80%
BLS 2011 My Week with Marilyn Marilyn Monroe Michelle Williams
80%
BLS 2022 The Fabelmans Mitzi Fabelman Michelle Williams
80%
BSS 2005 Brokeback Mountain Alma Beers Michelle Williams
80%
BSS 2016 Manchester by the Sea Randi Chandler Michelle Williams
80%
BLS 2005 Walk the Line June Carter Cash Reese Witherspoon
80%
BLS 2014 Wild Cheryl Strayed Reese Witherspoon
80%
BLS 2011 The Help Aibileen Clark Viola Davis
80%
BLS 2020 Ma Rainey's Black Bottom Gertrude "Ma" Rainey Viola Davis
80%
BSS 2008 Doubt Mrs. Miller Viola Davis
80%
BSS 2016 Fences Rose Lee Maxson Viola Davis
80%
BLR 2019 Marriage Story Charlie Barber Adam Driver
79%
BSR 2018 BlacKkKlansman Philip "Flip" Zimmerman Adam Driver
79%
BLS 2013 American Hustle Sydney Prosser/Lady Edith Greensly Amy Adams
79%
BSS 2005 Junebug Ashley Johnsten Amy Adams
79%
BSS 2008 Doubt Sister Marita James Amy Adams
79%
BSS 2010 The Fighter Charlene Fleming Amy Adams
79%
BSS 2012 The Master Peggy Dodd Amy Adams
79%
BSS 2018 Vice Lynne Cheney Amy Adams
79%
BLR 2009 Invictus Nelson Mandela Morgan Freeman
79%
BSR 2004 Million Dollar Baby Eddie "Scrap-Iron" Dupris Morgan Freeman
79%
BLS 2019 Marriage Story Nicole Barber Scarlett Johansson
79%
BSS 2019 Jojo Rabbit Rosie Betzler Scarlett Johansson
79%
BLR 2022 The Whale Charlie Brendan Fraser
78%
BSS 2002 Chicago Velma Kelly Catherine Zeta-Jones
78%
BLR 2004 Million Dollar Baby Frankie Dunn Clint Eastwood
78%
BLR 2009 A Single Man George Falconer Colin Firth
78%
BLR 2010 The King's Speech King George VI Colin Firth
78%
BSR 2006 Dreamgirls James "Thunder" Early Eddie Murphy
78%
BLR 2010 The Social Network Mark Zuckerberg Jesse Eisenberg
78%
BLS 2002 Far from Heaven Cathy Whitaker Julianne Moore
78%
BLS 2014 Still Alice Alice Howland Julianne Moore
78%
BSS 2002 The Hours Laura Brown Julianne Moore
78%
BLR 2014 Birdman Riggan Thomson Michael Keaton
78%
BLS 2006 Volver Raimunda Penélope Cruz
78%
BLS 2021 Parallel Mothers Janis Martínez Moreno Penélope Cruz
78%
BSS 2008 Vicky Cristina Barcelona María Elena Penélope Cruz
78%
BSS 2009 Nine Carla Albanese Penélope Cruz
78%
BLR 2005 Capote Truman Capote Philip Seymour Hoffman
78%
BSR 2007 Charlie Wilson's War Gust Avrakotos Philip Seymour Hoffman
78%
BSR 2008 Doubt Father Brendan Flynn Philip Seymour Hoffman
78%
BSR 2012 The Master Lancaster Dodd Philip Seymour Hoffman
78%
BSR 2008 Tropic Thunder Kirk Lazarus Robert Downey Jr.
78%
BSR 2023 Oppenheimer Lewis Strauss Robert Downey Jr.
78%
BLS 2003 Monster Aileen Wuornos Charlize Theron
77%
BLS 2005 North Country Josey Aimes Charlize Theron
77%
BLS 2019 Bombshell Megyn Kelly Charlize Theron
77%
BLR 2006 The Last King of Scotland Idi Amin Forest Whitaker
77%
BLR 2012 Les Misérables Jean Valjean Hugh Jackman
77%
BLR 2009 Crazy Heart Otis "Bad" Blake Jeff Bridges
77%
BLR 2010 True Grit Reuben "Rooster" Cogburn Jeff Bridges
77%
BSR 2000 The Contender Jackson Evans Jeff Bridges
77%
BSR 2016 Hell or High Water Marcus Hamilton Jeff Bridges
77%
BLS 2015 Brooklyn Eilis Lacey Saoirse Ronan
77%
BLS 2017 Lady Bird Christine "Lady Bird" McPherson Saoirse Ronan
77%
BLS 2019 Little Women Josephine "Jo" March Saoirse Ronan
77%
BSS 2007 Atonement Briony Tallis Saoirse Ronan
77%
BLS 2008 Rachel Getting Married Kym Buchman Anne Hathaway
76%
BSS 2012 Les Misérables Fantine Anne Hathaway
76%
BLS 2014 The Theory of Everything Jane Wilde Hawking Felicity Jones
76%
BSS 2024 The Brutalist Erzsébet Tóth Felicity Jones
76%
BSR 2012 Silver Linings Playbook Patrizio Solitano Sr. Robert De Niro
76%
BSR 2023 Killers of the Flower Moon William King Hale Robert De Niro
76%
BLR 2016 Hacksaw Ridge Desmond Doss Andrew Garfield
75%
BLR 2021 Tick, Tick...Boom! Jonathan Larson Andrew Garfield
75%
BLS 2024 The Substance Elisabeth Sparkle Demi Moore
75%
BLS 2004 Million Dollar Baby Maggie Fitzgerald Hilary Swank
75%
BLS 2012 Zero Dark Thirty Maya Harris Jessica Chastain
75%
BLS 2021 The Eyes of Tammy Faye Tammy Faye Bakker Jessica Chastain
75%
BSS 2011 The Help Celia Rae Foote Jessica Chastain
75%
BLR 2020 The Father Anthony Anthony Hopkins
74%
BSR 2019 The Two Popes Pope Benedict XVI Anthony Hopkins
74%
BLS 2019 Harriet Harriet Tubman Cynthia Erivo
74%
BLS 2024 Wicked Elphaba Thropp Cynthia Erivo
74%
BLS 2007 Juno Juno MacGuff Elliot Page
74%
BLS 2003 Something's Goota Give Erica Jane Barry Diane Keaton
73%
BLS 2001 Iris Iris Murdoch Judi Dench
73%
BLS 2005 Mrs. Henderson Presents Laura Forster-Henderson Judi Dench
73%
BLS 2006 Notes on a Scandal Barbara Covett Judi Dench
73%
BLS 2013 Philomena Philomena Lee Judi Dench
73%
BSS 2000 Chocolat Armande Voizin Judi Dench
73%
BSS 2021 Belfast Granny Judi Dench
73%
BLS 2005 Pride & Prejudice Elizabeth Bennet Keira Knightley
73%
BSS 2014 The Imitation Game Joan Clarke Keira Knightley
73%
BLS 2022 Everything Everywhere All at Once Evelyn Quan Wang Michelle Yeoh
73%
BLR 2024 The Apprentice Donald Trump Sebastian Stan
73%
BLR 2007 In the Valley of Elah Hank Deerfield Tommy Lee Jones
73%
BSR 2012 Lincoln Thaddeus Stevens Tommy Lee Jones
73%
BLS 2006 The Queen Queen Elizabeth II Helen Mirren
72%
BLS 2009 The Last Station Countess Sophia Tolstaya Helen Mirren
72%
BSS 2001 Gosford Park Mrs. Wilson Helen Mirren
72%
BSR 2005 Brokeback Mountain Jack Twist Jake Gyllenhaal
72%
BLR 2024 Conclave Cardinal Thomas Lawrence Ralph Fiennes
72%
BSR 2019 The Irishman Jimmy Hoffa Al Pacino
71%
BSR 2001 Training Day Jake Hoyt Ethan Hawke
70%
BSR 2014 Boyhood Mason Evans Sr. Ethan Hawke
70%
BLS 2001 Monster's Ball Leticia Musgrove Halle Berry
70%
BLS 2005 Transamerica Sabrina "Bree" Osbourne Felicity Huffman
69%
BLS 2015 Room Joy "Ma" Newsome Brie Larson
68%
BLR 2009 The Hurt Locker SFC William James Jeremy Renner
68%
BSR 2010 The Town James "Jem" Coughlin Jeremy Renner
68%
BSS 2009 Crazy Heart Jean Craddock Maggie Gyllenhaal
68%
BSR 2010 The Kids Are All Right Paul Hatfield Mark Ruffalo
68%
BSR 2014 Foxcatcher David Schultz Mark Ruffalo
68%
BSR 2015 Spotlight Michael Rezendes Mark Ruffalo
68%
BSR 2023 Poor Things Duncan Wedderburn Mark Ruffalo
68%
BLR 2014 Foxcatcher John du Pont Steve Carell
68%
BLR 2003 Lost in Translation Bob Harris Bill Murray
67%
BSR 2009 Inglourious Basterds SS Colonel Hans Landa Christoph Waltz
67%
BSR 2012 Django Unchained Dr. King Schultz Christoph Waltz
67%
BLR 2022 The Banshees of Inisherin Pádraic Súilleabháin Colin Farrell
67%
BLS 2011 Albert Nobbs Albert Nobbs Glenn Close
67%
BLS 2018 The Wife Joan Castleman Glenn Close
67%
BSS 2020 Hillbilly Elegy Bonnie "Mamaw" Vance Glenn Close
67%
BLR 2023 The Holdovers Paul Hunham Paul Giamatti
67%
BSR 2005 Cinderella Man Joe Gould Paul Giamatti
67%
BLS 2020 The United States vs. Billie Holiday Billie Holiday Andra Day
66%
BLR 2022 Elvis Elvis Presley Austin Butler
66%
BSR 2016 Moonlight Juan Mahershala Ali
66%
BSR 2018 Green Book Don Shirley Mahershala Ali
66%
BLR 2007 Eastern Promises Nikolai Luzhin Viggo Mortensen
66%
BLR 2016 Captain Fantastic Ben Cash Viggo Mortensen
66%
BLR 2018 Green Book Anthony "Tony Lip" Vallelonga Viggo Mortensen
66%
BLR 2017 Get Out Chris Washington Daniel Kaluuya
65%
BSR 2020 Judas and the Black Messiah Fred Hampton Daniel Kaluuya
65%
BLR 2004 Hotel Rwanda Paul Rusesabagina Don Cheadle
65%
BLR 2002 About Schmidt Warren R. Schmidt Jack Nicholson
65%
BLR 2010 127 Hours Aron Ralston James Franco
65%
BLR 2015 Steve Jobs Steve Jobs Michael Fassbender
65%
BSR 2013 12 Years a Slave Edwin Epps Michael Fassbender
65%
BLR 2008 The Wrestler Randy "The Ram" Robinson Mickey Rourke
65%
BSR 2013 Dallas Buyers Club Rayon Jared Leto
64%
BSR 2011 Moneyball Peter Brand Jonah Hill
64%
BSR 2013 The Wolf of Wall Street Donnie Azoff Jonah Hill
64%
BSS 2024 Wicked Galinda "Glinda" Upland Ariana Grande
63%
BLS 2024 Anora Anora "Ani" Mikheeva Mikey Madison
63%
BLR 2002 Adaptation Charlie Kaufman & Donald Kaufman Nicolas Cage
63%
BLS 2003 In America Sarah Sullivan Samantha Morton
63%
BSR 2001 The Lord of the Rings: The Fellowship of the Ring Gandalf the Grey Ian McKellen
62%
BLS 2007 La Vie en Rose Édith Piaf Marion Cotillard
62%
BLS 2014 Two Days, One Night Sandra Bya Marion Cotillard
62%
BLS 2008 Changeling Christine Collins Angelina Jolie
61%
BSS 2014 Wild Barbara 'Bobbi' Grey Laura Dern
61%
BSS 2019 Marriage Story Nora Fanshaw Laura Dern
61%
BLR 2013 Nebraska Woodrow "Woody" Grant Bruce Dern
60%
BSR 2014 Whiplash Terence Fletcher JK Simmons
60%
BSR 2021 Being the Ricardos William Frawley JK Simmons
60%
BLS 2021 Spencer Diana, Princess of Wales Kristen Stewart
60%
BLR 2000 Quills Marquis de Sade Geoffrey Rush
59%
BSR 2010 The King's Speech Lionel Logue Geoffrey Rush
59%
BLS 2018 Can You Ever Forgive Me? Leonore Carol "Lee" Israel Melissa McCarthy
59%
BSS 2011 Bridesmaids Megan Price Melissa McCarthy
59%
BSS 2011 The Help Minerva 'Minny' Jackson Octavia Spencer
59%
BSS 2016 Hidden Figures Dorothy Vaughan Octavia Spencer
59%
BSS 2017 The Shape of Water Zelda Delilah Fuller Octavia Spencer
59%
BLS 2014 Gone Girl Amy Elliott-Dunne Rosamund Pike
59%
BLS 2002 Frida Frida Kahlo Salma Hayek
59%
BLR 2000 Pollock Jackson Pollock Ed Harris
58%
BSR 2002 The Hours Richard "Richie" Brown Ed Harris
58%
BSR 2014 Birdman Mike Shiner Edward Norton
58%
BSR 2024 A Complete Unknown Pete Seeger Edward Norton
58%
BLR 2018 At Eternity's Gate Vincent van Gogh Willem Dafoe
58%
BSR 2000 Shadow of the Vampire Max Schreck Willem Dafoe
58%
BSR 2017 The Florida Project Bobby Hicks Willem Dafoe
58%
BLR 2020 Ma Rainey's Black Bottom Levee Green Chadwick Boseman
57%
BLS 2011 The Girl with the Dragon Tattoo Lisbeth Salander Rooney Mara
57%
BSS 2015 Carol Therese Belivet Rooney Mara
57%
BLS 2009 An Education Jenny Mellor Carey Mulligan
56%
BLS 2020 Promising Young Woman Cassandra "Cassie" Thomas Carey Mulligan
56%
BLS 2023 Maestro Felicia Montealegre Carey Mulligan
56%
BLR 2013 12 Years a Slave Solomon Northup Chiwetel Ejiofor
56%
BSR 2006 The Departed Staff Sergeant Sean Dignam Mark Wahlberg
56%
BLR 2022 Aftersun Calum Patterson Paul Mescal
56%
BSS 2018 If Beale Street Could Talk Sharon Rivers Regina King
56%
BLS 2022 Blonde Norma Jeane/Marilyn Monroe Ana de Armas
55%
BLR 2023 Rustin Bayard Rustin Colman Domingo
55%
BLR 2024 Sing Sing John "Divine G" Whitfield Colman Domingo
55%
BSR 2017 Three Billboards Outside Ebbing, Missouri Jason Dixon Sam Rockwell
55%
BSR 2018 Vice George W. Bush Sam Rockwell
55%
BSR 2015 Creed Rocky Balboa Sylvester Stallone
55%
BLR 2011 The Artist George Valentin Jean Dujardin
54%
BSR 2024 A Real Pain Benjamin "Benji" Kaplan Kieran Culkin
54%
BLS 2023 Killers of the Flower Moon Mollie Burkhart Lily Gladstone
54%
BSS 2016 Moonlight Paula Naomie Harris
54%
BLS 2003 21 Grams Cristina Williams-Peck Naomi Watts
54%
BLS 2012 The Impossible Maria Bennett Naomi Watts
54%
BLR 2023 American Fiction Thelonious "Monk" Ellison Jeffrey Wright
53%
BSR 2000 Traffic Javier Rodriguez Benicio del Toro
52%
BSR 2003 21 Grams Jack Jordan Benicio del Toro
52%
BSS 2023 Oppenheimer Katherine "Kitty" Oppenheimer Emily Blunt
52%
BSS 2006 Dreamgirls Effie White Jennifer Hudson
52%
BSR 2019 The Irishman Russell Bufalino Joe Pesci
52%
BSS 2000 Almost Famous Penny Lane Kate Hudson
52%
BLS 2008 Frozen River Ray Eddy Melissa Leo
52%
BSS 2010 The Fighter Alice Eklund-Ward Melissa Leo
52%
BLR 2020 Sound of Metal Ruben Stone Riz Ahmed
52%
BSS 2024 Emilia Pérez Rita Mora Castro Zoe Saldaña
52%
BLR 2015 Trumbo Dalton Trumbo Bryan Cranston
51%
BLR 2019 The Two Popes Cardinal Jorge Mario Bergoglio Jonathan Pryce
51%
BLS 2004 Being Julia Julia Lambert Annette Bening
50%
BLS 2010 The Kids Are All Right Dr. Nicole "Nic" Allgood Annette Bening
50%
BLS 2023 Nyad Diana Nyad Annette Bening
50%
BLR 2003 House of Sand and Fog Col. Massoud Amir Behrani Ben Kingsley
50%
BSR 2001 Sexy Beast Don Logan Ben Kingsley
50%
BSR 2016 Lion Saroo Brierley Dev Patel
50%
BSS 2022 Everything Everywhere All at Once Deirdre Beaubeirdre Jamie Lee Curtis
50%
BSS 2001 A Beautiful Mind Alicia Nash Jennifer Connelly
50%
BSR 2022 Everything Everywhere All at Once Waymond Wang Ke Huy Quan
50%
BSS 2013 12 Years a Slave Patsey Lupita Nyong'o
50%
BLS 2017 The Shape of Water Elisa Esposito Sally Hawkins
50%
BSS 2013 Blue Jasmine Ginger Sally Hawkins
50%
BSR 2015 The Revenant John Fitzgerald Tom Hardy
50%
BSR 2009 The Messenger Captain Tony Stone Woody Harrelson
50%
BSR 2017 Three Billboards Outside Ebbing, Missouri Bill Willoughby Woody Harrelson
50%
BSR 2022 The Banshees of Inisherin Colm Doherty Brendan Gleeson
49%
BSS 2005 The Constant Gardener Tessa Quayle Rachel Weisz
49%
BSS 2018 The Favourite Sarah Churchill Rachel Weisz
49%
BSR 2006 Little Miss Sunshine Edwin Hoover Alan Arkin
48%
BSR 2012 Argo Lester Siegel Alan Arkin
48%
BSR 2002 Catch Me If You Can Frank Abagnale Sr. Christopher Walken
48%
BLR 2019 Pain and Glory Salvador Mallo Antonio Banderas
47%
BSS 2019 Little Women Amy Curtis March Florence Pugh
47%
BLR 2020 Minari Jacob Yi Steven Yeun
47%
BSS 2015 The Danish Girl Gerda Wegener Alicia Vikander
46%
BSR 2009 The Last Station Leo Tolstoy Christopher Plummer
45%
BSR 2011 Beginners Hal Fields Christopher Plummer
45%
BSR 2017 All the Money in the World J. Paul Getty Christopher Plummer
45%
BLS 2000 Requiem for a Dream Sara Goldfarb Ellen Burstyn
45%
BSR 2024 The Apprentice Roy Cohn Jeremy Strong
45%
BLS 2000 Chocolat Vianne Rocher Juliette Binoche
45%
BLS 2023 Anatomy of a Fall Sandra Voyter Sandra Hüller
45%
BSS 2002 About Schmidt Roberta Hertzel Kathy Bates
44%
BSS 2019 Richard Jewell Barbara 'Bobi' Jewell Kathy Bates
44%
BSS 2017 I, Tonya LaVona Fay Golden Allison Janney
43%
BSS 2023 Barbie Gloria America Ferrera
43%
BSR 2022 The Banshees of Inisherin Dominic Kearney Barry Keoghan
43%
BSS 2010 The King's Speech Queen Elizabeth Helena Bonham Carter
43%
BSS 2021 The Power of the Dog Rose Gordon Kirsten Dunst
43%
BSS 2012 Lincoln First Lady Mary Todd Lincoln Sally Field
43%
BSS 2009 Precious Mary Lee Johnston Mo'Nique
42%
BSS 2007 Michael Clayton Karen Crowder Tilda Swinton
42%
BSR 2024 The Brutalist Harrison Lee Van Buren Sr. Guy Pearce
41%
BSS 2023 Nyad Bonnie Stoll Jodie Foster
41%
BLS 2024 Emilia Pérez Emilia Pérez/Juan "Manitas" Del Monte Karla Sofía Gascón
41%
BSS 2022 Black Panther: Wakanda Forever Queen Ramonda Angela Bassett
40%
BLS 2024 I'm Still Here Eunice Paiva Fernanda Torres
40%
BSR 2021 The Power of the Dog George Burbank Jesse Plemons
40%
BSR 2002 Chicago Amos Hart John C. Reilly
40%
BSR 2008 Milk Dan White Josh Brolin
40%
BLR 2002 The Quiet American Thomas Fowler Michael Caine
40%
BSS 2015 Spotlight Sacha Pfeiffer Rachel McAdams
40%
BSR 2023 American Fiction Clifford "Cliff" Ellison Sterling K. Brown
40%
BSR 2003 Mystic River Dave Boyle Tim Robbins
40%
BSS 2012 The Sessions Cheryl Cohen-Greene Helen Hunt
39%
BSR 2020 The Trial of the Chicago 7 Abbie Hoffman Sacha Baron Cohen
39%
BSR 2009 The Lovely Bones George Harvey Stanley Tucci
39%
BSS 2014 Boyhood Olivia Evans Patricia Arquette
38%
BSR 2018 Can You Ever Forgive Me? Jack Hock Richard E. Grant
38%
BSS 2006 Little Miss Sunshine Olive Hoover Abigail Breslin
37%
BLS 2022 To Leslie Leslie Rowland Andrea Riseborough
37%
BSS 2009 Up in the Air Natalie Keener Anna Kendrick
37%
BLR 2022 Living Rodney Williams Bill Nighy
37%
BLR 2008 Frost/Nixon Richard Nixon Frank Langella
37%
BSS 2000 Pollock Lee Krasner Marcia Gay Harden
37%
BSS 2003 Mystic River Celeste Boyle Marcia Gay Harden
37%
BSS 2002 Chicago Matron 'Mama' Morton Queen Latifah
37%
BLS 2012 Beasts of the Southern Wild Hushpuppy Quvenzhané Wallis
37%
BSR 2014 The Judge Joseph Palmer Robert Duvall
37%
BSR 2018 A Star Is Born Bobby Maine Sam Elliott
37%
BLS 2020 Pieces of a Woman Martha Weiss Vanessa Kirby
37%
BSS 2023 The Holdovers Mary Lamb Da'Vine Joy Randolph
36%
BLS 2016 Elle Michele Leblanc Isabelle Huppert
36%
BSR 2020 Judas and the Black Messiah William O'Neal LaKeith Stanfield
36%
BLR 2005 Hustle & Flow DJay Terrence Howard
36%
BSR 2004 Closer Larry Gray Clive Owen
35%
BLS 2009 Precious Claireece "Precious" Jones Gabourey Sidibe
35%
BLR 2008 The Visitor Walter Vale Richard Jenkins
35%
BSR 2017 The Shape of Water Giles Richard Jenkins
35%
BLS 2018 Roma Cleodegaria "Cleo" Gutiérrez Yalitza Aparicio
35%
BSS 2021 West Side Story Anita Ariana DeBose
34%
BSR 2003 In America Mateo Djimon Hounsou
34%
BSR 2006 Blood Diamond Solomon Vandy Djimon Hounsou
34%
BSS 2010 True Grit Mattie Ross Hailee Steinfeld
34%
BSR 2003 The Last Samurai Lord Moritsugu Katsumoto Ken Watanabe
34%
BSR 2015 Bridge of Spies Rudolf Abel Mark Rylance
34%
BSR 2008 Revolutionary Road John Givings Jr. Michael Shannon
34%
BSR 2016 Nocturnal Animals Bobby Andes Michael Shannon
34%
BLS 2016 Loving Mildred Loving Ruth Negga
34%
BLS 2001 In the Bedroom Ruth Fowler Sissy Spacek
34%
BSS 2024 Conclave Sister Agnes Isabella Rossellini
33%
BSR 2016 Manchester by the Sea Patrick Chandler Lucas Hedges
33%
BSS 2020 Mank Marion Davies Amanda Seyfried
32%
BSS 2007 Gone Baby Gone Helene McCready Amy Ryan
32%
BSS 2001 In the Bedroom Natalie Strout Marisa Tomei
32%
BSS 2008 The Wrestler Pam/Cassidy Marisa Tomei
32%
BSR 2002 Road to Perdition John Rooney Paul Newman
32%
BLR 2001 In the Bedroom Dr. Matt Fowler Tom Wilkinson
32%
BSR 2007 Michael Clayton Arthur Edens Tom Wilkinson
32%
BSR 2021 CODA Frank Rossi Troy Kotsur
32%
BSS 2015 The Hateful Eight 'Crazy' Daisy Domergue Jennifer Jason Leigh
31%
BSR 2001 Iris John Bayley Jim Broadbent
31%
BSS 2022 The Banshees of Inisherin Siobhán Súilleabháin Kerry Condon
31%
BLS 2000 You Can Count on Me Samantha "Sammy" Prescott Laura Linney
31%
BLS 2007 The Savages Wendy Savage Laura Linney
31%
BSS 2004 Kinsey Clara McMillen Laura Linney
31%
BSS 2022 Everything Everywhere All at Once Joy Wang/Jobu Tupaki Stephanie Hsu
31%
BSS 2009 Up in the Air Alex Goran Vera Farmiga
31%
BSS 2003 Thirteen Melanie Freeland Holly Hunter
30%
BSS 2021 The Lost Daughter Young Leda Caruso Jessie Buckley
30%
BLS 2000 The Contender Laine Hanson Joan Allen
30%
BSS 2008 The Curious Case of Benjamin Button 'Queenie' Taraji P. Henson
30%
BSR 2004 Sideways Jack Cole Thomas Haden Church
30%
BSR 2024 Anora Igor Yura Borisov
30%
BLR 2006 Venus Maurice Russell Peter O'Toole
29%
BSR 2004 The Aviator Owen Brewster Alan Alda
28%
BLS 2002 Unfaithful Constance "Connie" Sumner Diane Lane
28%
BLS 2004 Vera Drake Vera Rose Drake Imelda Staunton
28%
BSS 2010 Animal Kingdom Janine 'Smurf' Cody Jacki Weaver
28%
BSS 2012 Silver Linings Playbook Dolores Solitano Jacki Weaver
28%
BSR 2000 Erin Brockovich Edward L. Masry Albert Finney
27%
BSR 2022 Causeway James Aucoin Brian Tyree Henry
27%
BLS 2015 45 Years Kate Mercer Charlotte Rampling
27%
BLR 2005 Good Night, and Good Luck Edward R. Murrow David Strathairn
27%
BLS 2012 Amour Anne Laurent Emmanuelle Riva
27%
BSR 2022 The Fabelmans Boris Podgorny Judd Hirsch
27%
BSR 2021 The Power of the Dog Peter Gordon Kodi Smit-McPhee
27%
BSR 2021 Belfast Pop Ciarán Hinds
26%
BSS 2022 The Whale Liz Hong Chau
26%
BSS 2017 Lady Bird Marion McPherson Laurie Metcalf
26%
BSS 2020 Minari Soon-ja Yuh-jung Youn
26%
BSR 2005 Crash John Ryan Matt Dillon
25%
BSS 2024 A Complete Unknown Joan Baez Monica Barbaro
25%
BSS 2023 The Color Purple Sofia Danielle Brooks
24%
BLR 2011 A Better Life Carlos Galindo Demián Bichir
24%
BSS 2017 Phantom Thread Cyil Woodcock Lesley Manville
24%
BSR 2020 One Night in Miami... Sam Cooke Leslie Odom Jr.
24%
BSR 2003 The Cooler Shelly Kaplow Alec Baldwin
23%
BSS 2021 King Richard Oracene "Brandy" Price Aunjanue Ellis-Taylor
23%
BLS 2003 Whale Rider Paikea Apirana Keisha Castle-Hughes
23%
BSS 2020 Borat Subsequent Moviefilm Tutar Sagdiyev Maria Bakalova
23%
BSS 2017 Mudbound Florence Jackson Mary J. Blige
23%
BSS 2004 Hotel Rwanda Tatiana Rusesabagina Sophie Okonedo
23%
BSR 2001 Ali Howard Cosell Jon Voight
22%
BSS 2013 Nebraska Kate Grant June Squibb
22%
BSR 2011 My Week with Marilyn Laurence Olivier Kenneth Branagh
22%
BSR 2011 Extremely Loud & Incredibly Close The Renter Max von Sydow
22%
BSS 2018 Roma Sofía Marina de Tavira
21%
BSR 2020 Sound of Metal Joe Paul Raci
21%
BSR 2006 Little Children Ronald James McGorvey Jackie Earle Haley
20%
BSR 2013 Captain Phillips Abduwali Muse Barkhad Abdi
19%
BSR 2010 Winter's Bone Teardrop Dolly John Hawkes
19%
BSR 2011 Warrior Paddy Conlon Nick Nolte
19%
BSR 2005 A History of Violence Richie Cusack William Hurt
18%
BLS 2004 Maria Full of Grace María Álvarez Catalina Sandino Moreno
17%
BLS 2007 Away from Her Fiona Anderson Julie Christie
17%
BSS 2000 Billy Elliot Sandra Wilkinson Julie Walters
16%
BSS 2006 Babel Chieko Wataya Rinko Kikuchi
16%
BSS 2004 Sideways Maya Randall Virginia Madsen
16%
BSS 2011 The Artist Peppy Miller Bérénice Bejo
15%
BSS 2003 House of Sand and Fog Nadereh Behrani Shohreh Aghdashloo
15%
BSS 2005 Capote Harper Lee Catherine Keener
14%
BSS 2003 Pieces of April Joy Burns Patricia Clarkson
14%
BSR 2007 Into the Wild Ron Franz Hal Holbrook
13%
BSS 2011 Albert Nobbs Hubert Page Janet McTeer
12%
BSS 2007 American Gangster Mahalee Lucas Ruby Dee
12%
BSS 2006 Babel Amelia Hernández Adriana Barraza
10%
No matching quizzes found
Score Distribution
Percent of People with Each Score
Percentile by Number Answered
Your Score History
You have not taken this quiz